000 00527nam a2200193 a 4500
001 1771589609532
003 YourLibrary
005 20260220174644.0
008 260220s2004##################000#0#eng##
020 _a9780486437873
082 0 4 _a320.546
_bGAR
100 1 _aGarvey, Marcus,
_eauthor.
245 1 0 _aSelected Writings and Speeches of Marcus Garvey :
260 _bCourier Corporation,
_c2004.
300 _a225 pages
650 0 _aSocial Science.
942 _cENGLISH
040 _aYourLibrary
_beng
_cYourLibrary
999 _c614812
_d614812